000 00637nam a2200181Ia 4500
003 GCL
008 140319s9999 xx 000 0 ara d
040 _aGCL /
_cGCL
082 0 4 _a301.161
_bا ش
100 1 _aابراهيم بن مبارك الجوير
245 1 0 _aالشائعات ووظيفة المؤسسات الاجتماعية فى مواجهتها /
_cابراهيم بن مبارك الجوير
250 _aالاولى
260 _aالرياض :
_bمكتبة العبيكان ،
_c1995
300 _a57 ص ؛
_c24 سم
650 0 4 _aالخدمة الاجتماعية
650 0 4 _aالاشاعات
942 _2ddc
_cBK
999 _c5648
_d5648